000 00678nam a2200205 a 4500
005 20240925064657.0
008 991125s1970 ag 000 0 spa u
035 _aUPN01000029105
049 _aCG
050 4 _aHX315 Z7
_bB7.38
100 1 _aBrzezinski, Zbigniew K.,
_d1928-
_935649
245 1 0 _aIdeología y poder en la política soviética /
_cZbigniew K. Brzesinski ; tr. Carlos A. Leal.
260 _aBuenos Aires :
_bPaidós,
_c1970.
300 _a197 p.
440 0 _aBiblioteca de psicología social y sociología ;
_v45
650 4 _aCOMUNISMO -
_zUNION SOVIETICA
_96563
650 4 _aIdeología
_96793
650 4 _aPoder (Ciencias sociales)
_91203
905 _aLibro
999 _c29105
_d29105